000 00620nam a2200217Ii 4500
003 JO-AjNU
008 230606s9999||||xx |||||||||||||| ||und||
020 _a978-1-4129-2381-1
040 _aJO-AjNU
_beng
_erda
_cJO-AjNU
041 _aeng
050 1 4 _aRC553.W535.2007
100 3 _awall,Kate,
_eauthor
_920
245 0 0 _aEducation and Care for Adolescents and Adults with Autism
250 _a1 ed
264 3 1 _aLondon:sage,2007
300 _a154p
336 _atext
_btxt
_2rdacontent
337 _aunmediated
_bn
_2rdamedia
338 _avolume
_bnc
_2rdacarrier
650 4 _a Autism -- Environmental aspects. 
_921
999 _aE14
_c14
_d14